| 000 | 02747nam0a2200361 4500 | ||
|---|---|---|---|
| 001 | RU\NLR\BIBL_A\012844764 | ||
| 005 | 20221013134004.0 | ||
| 010 |
_a978-5-04-159021-5 _93000 |
||
| 021 |
_aRU _bКН-П-22-025326 _9КН-П-22-2170 |
||
| 035 | _a(NLR Aleph) 012844764 | ||
| 035 | _a(RuMoRGB)011050080 | ||
| 090 |
_a12407449 _c12407449 |
||
| 100 | _a20220711d2022 d y0rusy50 ca | ||
| 101 | 0 | _arus | |
| 102 | _aRU | ||
| 105 | _aa|||z|||000zy | ||
| 181 | 0 |
_ai2 _bab2e |
|
| 181 | 0 |
_ab2 _bxb2e |
|
| 182 | 0 | _an | |
| 200 | 1 |
_aЛучший подарок крестнику _e77 самых главных вопросов и ответов _e[для среднего школьного возраста _fавтор-составитель: Светлана Кипарисова] _gиллюстрации Игоря Панкова |
|
| 203 |
_aТекст _aИзображение _bвизуальные _cнепосредственные |
||
| 210 |
_aМосква _c#эксмодетство _cЭксмо _d2022 |
||
| 215 |
_a61, [2] с. _cцв. ил. _d21 |
||
| 330 | _aВо что верят христиане? Как правильно одеться, собираясь в православный храм? Зачем пишут записки? Куда поставить свечи и как подойти к иконам? Как молиться, чтобы почувствовать присутствие Бога и обратиться к Нему? Что такое исповедь и причастие? В книге <Лучший подарок крестнику> есть ответы на все вопросы, а также рассказ о церковных традициях, об устройстве православного храма. С этой книгой вы уверенно и радостно войдете в церковь. Книга будет замечательным подарком ребенку в день крестин и пригодится всем новоначальным христианам. Откройте вместе с ребенком двери православного храма, замрите и прислушайтесь! Господь непременно тронет ваше сердце, коснется ума и поведет вас к истине, добру и свету | ||
| 333 | _a0+ | ||
| 606 | 1 |
_aКульт православный _jИздания для детей _2nlr_sh1 _2nlr_sh2 _3RU\NLR\AUTH\66626213 |
|
| 686 | 0 |
_aШ9 _bЭ |
|
| 702 | 1 |
_aКипарисова _bС. С. _gСветлана С _4220 |
|
| 942 | _cBOOK | ||
| 980 | _aNB | ||